000 00810nam a22002417a 4500
003 BD-DhJNU
005 20250717055703.0
008 250717b |||||||| |||| 00| 0 eng d
040 _aBD-DhJNU
_bENG
_cBD-DhJNU
_dBD-DhJNU
082 _223
_a306.2 MAF
100 _aMannheim, Karl
245 _aFreedom, Power & Democratic Planning /
_cKarl Mannheim; Edited by Hans Gerth and Ernest K. Bramstedt
260 _aLondon :
_b Routledge & Kegan Paul,
_c1968.
300 _aXXIV, 384p. :
_bill. ;
_c22 cm
490 _aInternational Library of Sociology and Social Reconstruction
504 _aIncludes index
650 _aPolitical sociology
650 _aPower Social sciences
650 _aDemocracy
700 _aGerth, Hans
_eeditor
700 _aBramstedt Ernest L.
_eeditor
942 _2ddc
_cBK
_n0
999 _c1914
_d1914